| 000 | 00940 a2200253 4500 | ||
|---|---|---|---|
| 005 | 20250619121831.0 | ||
| 020 | _a9781526460004 | ||
| 050 | 0 | 0 |
_aRT 455.2 _bLIN 2019 |
| 100 |
_aLinsley,Paul _eauthor |
||
| 245 | 1 | 0 |
_a Evidence-based practice for nurses and healthcare professionals / _cPaul Linsley, Ros Kane and Janet Barker |
| 250 | _aFourth edition. | ||
| 264 | 1 |
_aIndianapolis, IN : _bSigma Theta Tau International, _c2019 |
|
| 300 |
_a250 pages _billustrations ; |
||
| 336 |
_atext _btxt _2rdacontent |
||
| 337 |
_aunmediated _bn _2rdamedia |
||
| 338 |
_avolume _bnc _2rdacarrier |
||
| 504 | _aIncludes bibliographical references and index. | ||
| 520 | _a" | ||
| 650 | 0 | _aEvidence-based nursing. | |
| 700 | 1 |
_aKane, Ros _eauthor. |
|
| 700 | 1 |
_aBarker, Janet _eauthor |
|
| 942 |
_2lcc _cBK _efourth _h455.2 _iLIN _kRC |
||
| 999 |
_c11615 _d11615 |
||